| 000 | 01344cam a2200313 a 4500 | ||
|---|---|---|---|
| 001 | 15362017 | ||
| 005 | 20090901064657.0 | ||
| 008 | 080710s2009 flua b 001 0 eng | ||
| 010 | _a 2008030739 | ||
| 020 | _a9781420042948 (alk. paper) | ||
| 020 | _a1420042947 (alk. paper) | ||
| 035 | _a(OCoLC)144523105 | ||
| 040 |
_aDLC _cDLC _dBTCTA _dBAKER _dYDXCP _dC#P _dBWX _dCDX _dDLC |
||
| 050 | 0 | 0 |
_aTA410 _b.Z45 2009 |
| 082 | 0 | 0 |
_a620.110287 _222 _bZHA |
| 100 | 1 |
_aZhang, Sam. _911424 |
|
| 245 | 1 | 0 |
_aMaterials characterization techniques / _cSam Zhang, Lin Li, Ashok Kumar. |
| 260 |
_aBoca Raton : _bCRC Press, _cc2009. |
||
| 300 |
_a328 p. : _bill. ; _c25 cm. |
||
| 500 | _aIncludes Index. | ||
| 504 | _aIncludes bibliographical references and index. | ||
| 650 | 0 |
_aMaterials _xTesting. _911425 |
|
| 700 | 1 |
_aLi, L. _q(Lin), _d1959- _911426 |
|
| 700 | 1 |
_aKumar, Ashok, _d1962- _911427 |
|
| 856 | 4 | 1 |
_3Table of contents only _uhttp://www.loc.gov/catdir/toc/ecip0822/2008030739.html |
| 942 |
_2ddc _cBB |
||
| 999 |
_c13401 _d13401 |
||